书目信息 |
| 题名: |
超 (特) 高压直流输电系统可靠性评估、优化及应用
|
|
| 作者: | 谢开贵 , 胡博 著 ;南方电网科学研究院有限责任公司 著 | |
| 分册: | ||
| 出版信息: | 北京 科学出版社 2014 |
|
| 页数: | 169页 | |
| 开本: | 25cm | |
| 丛书名: | ||
| 单 册: | ||
| 中图分类: | TM726 , TM723 | |
| 科图分类: | ||
| 主题词: | 超高压输电线路--Chao Gao Ya Shu Dian Xian Lu--直流输电线路--电路可靠性--研究 , 特高压输电--Te Gao Ya Shu Dian--直流输电线路--电路可靠性--研究 | |
| 电子资源: | ||
| ISBN: | 978-7-03-039667-9 | |
| 000 | 01850nam0 2200301 450 | |
| 001 | 1673156484 | |
| 005 | 20140625153922.1 | |
| 010 | @a978-7-03-039667-9@b精装@dCNY88.00 | |
| 100 | @a20140625d2014 em y0chiy0120 ea | |
| 101 | 0 | @achi |
| 102 | @aCN@b110000 | |
| 105 | @aa a 000yy | |
| 106 | @ar | |
| 200 | 1 | @a超 (特) 高压直流输电系统可靠性评估、优化及应用@AChao ( Te ) Gao Ya Zhi Liu Shu Dian Xi Tong Ke Kao Xing Ping Gu 、 You Hua Ji Ying Yong@f谢开贵, 胡博, 南方电网科学研究院有限责任公司著 |
| 210 | @a北京@c科学出版社@d2014 | |
| 215 | @a169页@c图@d25cm | |
| 320 | @a有书目 | |
| 330 | @a本书介绍了超(特)高压直流输电系统系统可靠性评估的意义,超(特)高压直流系统的典型结构、基本原理、系统接线、主要运行方式及研究现状,涉及的数学和可靠性基础;超(特)高压直流系统可靠性评估涉及的统计内容、指标体系;超(特)高压直流系统以及子系统(换流变、阀组、交流滤波器等)的可靠性评估模型、评估方法;超(特)高压直流输电系统可靠性跟踪模型和方法,以辨识直流输电工程的薄弱环节;高压直流输高压直流输电系统设备最优选型方法、电系统可靠性最优分解方法,为设备优选、招投标等提供依据。同时,给出多个工程实际算例实现模型、方法、指标的应用。最后介绍了超(特)高压直流输电系统可靠性综合分析系统软件的结构及功能。 | |
| 333 | @a本书可供从事电力系统可靠性、直流输电研究、规划、设计和运行的电力工程技术人员、管理干部及科研工作者使用,也适合作为大专院校教师、研究牛、高年级本科生及研讨班的参考教材。 | |
| 606 | 0 | @a超高压输电线路@AChao Gao Ya Shu Dian Xian Lu@x直流输电线路@x电路可靠性@x研究 |
| 606 | 0 | @a特高压输电@ATe Gao Ya Shu Dian@x直流输电线路@x电路可靠性@x研究 |
| 690 | @aTM726@v5 | |
| 690 | @aTM723@v5 | |
| 701 | 0 | @a谢开贵@AXie Kai Gui@4著 |
| 701 | 0 | @a胡博@AHu Bo@4著 |
| 711 | 02 | @a南方电网科学研究院有限责任公司@ANan Fang Dian Wang Ke Xue Yan Jiu Yuan You Xian Ze Ren Gong Si@4著 |
| 801 | 0 | @aCN@b江苏新华@c20150511 |
| 905 | @aBZT@dTM726@e2 | |
| 超 (特) 高压直流输电系统可靠性评估、优化及应用/谢开贵, 胡博, 南方电网科学研究院有限责任公司著.-北京:科学出版社,2014 |
| 169页:图;25cm |
| 使用对象:本书可供从事电力系统可靠性、直流输电研究、规划、设计和运行的电力工程技术人员、管理干部及科研工作者使用,也适合作为大专院校教师、研究牛、高年级本科生及研讨班的参考教材。 |
| ISBN 978-7-03-039667-9(精装):CNY88.00 |
| 本书介绍了超(特)高压直流输电系统系统可靠性评估的意义,超(特)高压直流系统的典型结构、基本原理、系统接线、主要运行方式及研究现状,涉及的数学和可靠性基础;超(特)高压直流系统可靠性评估涉及的统计内容、指标体系;超(特)高压直流系统以及子系统(换流变、阀组、交流滤波器等)的可靠性评估模型、评估方法;超(特)高压直流输电系统可靠性跟踪模型和方法,以辨识直流输电工程的薄弱环节;高压直流输高压直流输电系统设备最优选型方法、电系统可靠性最优分解方法,为设备优选、招投标等提供依据。同时,给出多个工程实际算例实现模型、方法、指标的应用。最后介绍了超(特)高压直流输电系统可靠性综合分析系统软件的结构及功能。 |
| ● |
| 相关链接 |
|
|
|
正题名:超 (特) 高压直流输电系统可靠性评估、优化及应用
索取号:TM726/2
 
预约/预借
| 序号 | 登录号 | 条形码 | 馆藏地/架位号 | 状态 | 备注 |
| 1 | 798283 | 2000798283 | 第二书库/ [索取号:TM726/2] | 在馆 | |
| 2 | 798284 | 2000798284 | 第二书库/ [索取号:TM726/2] | 在馆 | |
| 3 | 798285 | 2000798285 | 第二书库/ [索取号:TM726/2] | 在馆 |